000 00485nam a2200193Ia 4500
005 20240808094532.0
008 131103s9999 xx 000 0 und d
020 _a571061842
040 _aLoreto College
041 _aEnglish
082 _a822
_bOSB
100 _aOsborne, John
245 _aLook back in anger
_b a play in three acts
_cJohn Osborne
260 _aLondon
_bFaber and Faber
_c1969
300 _a96p.
650 _aEnglish drama
850 _aLCBED
942 _cBK
999 _c29941
_d80420